000
00242nam a22001097a 4500
041
_a
ENG
245
_a
The First Citizens' Report 1982
260
_a
Delhi
_b
Centre For Science
_c
1982
300
_a
191
650
_a
SWCE
856
_u
SWCE ( 24 )
999
_c
1809
_d
1809